000 00468nam a22001937a 4500
003 MPLRDC
005 20220104114711.0
008 210129b ||||| |||| 00| 0 eng d
020 _a957-9050-34-1
082 _a782.08 CQWX v.18
100 _a野叟编
245 _a纪晓岚传奇
_c
250 _a五刷
260 _a
_b可筑书房
_c1992
300 _b
490 _a传奇文学之旅. 18
650 _a中国传记丛书
942 _cBK
_o782.08 CQWX v.18
999 _c9550
_d9540